[Event "Oberliga Ost-B 1920"]
[Site "Germany"]
[Date "2019.11.17"]
[Round "3.7"]
[White "Kastner, Peter"]
[Black "Nies, Peter"]
[Result "1/2-1/2"]
[WhiteElo "2126"]
[BlackElo "2053"]
[PlyCount "22"]
[EventDate "2019.09.29"]
[EventType "team-tourn"]
[EventRounds "11"]
[EventCountry "GER"]
[SourceTitle "EXT 2021"]
[Source "ChessBase"]
[SourceDate "2020.10.23"]
[SourceVersion "1"]
[SourceVersionDate "2020.10.23"]
[SourceQuality "1"]
[WhiteTeam "Liebschwitz"]
[BlackTeam "Gernsheim"]
[WhiteTeamCountry "GER"]
[BlackTeamCountry "GER"]

1. e4 e6 2. d4 d5 3. Nc3 Nf6 4. Bg5 dxe4 5. Nxe4 Be7 6. Bxf6 Bxf6 7. Nf3 b6 8. Bd3 Bb7 9. 0-0 0-0 10. c3 Nd7 11. Qe2 Qe7 1/2-1/2

[Event "GER CupT 1718 Round2 (1)"]
[Site "Gera"]
[Date "2018.03.03"]
[Round "1.4"]
[White "Kastner, Peter"]
[Black "Schlosser, Philipp"]
[Result "0-1"]
[WhiteElo "2144"]
[BlackElo "2515"]
[PlyCount "100"]
[EventDate "2018.03.03"]
[EventType "team-k.o."]
[EventRounds "2"]
[EventCountry "GER"]
[SourceTitle "CBM 183 Extra"]
[Source "ChessBase"]
[SourceDate "2018.04.19"]
[SourceVersion "1"]
[SourceVersionDate "2018.04.19"]
[SourceQuality "1"]
[WhiteTeam "Liebschwitz"]
[BlackTeam "Deizisau"]
[WhiteTeamCountry "GER"]
[BlackTeamCountry "GER"]

1. e4 c5 2. Nf3 e6 3. d4 cxd4 4. Nxd4 a6 5. Be2 Nf6 6. Nc3 d6 7. 0-0 Qc7 8. a4 Nc6 9. Be3 Be7 10. Kh1 0-0 11. f4 Re8 12. Nb3 b6 13. Bf3 Rb8 14. Qe2 Na5 15. Rae1 Nc4 16. Bc1 b5 17. axb5 axb5 18. g4 b4 19. Nd1 Ba6 20. g5 Nd7 21. Qg2 Na5 22. Nd4 Bxf1 23. Rxf1 Bf8 24. Ne3 Qc5 25. Rd1 Rbc8 26. b3 g6 27. h4 Bg7 28. Ne2 Qb6 29. h5 Nxb3 30. cxb3 Rxc1 31. Nxc1 Qxe3 32. Nd3 Nc5 33. Qf2 Bd4 34. Qxe3 Bxe3 35. Nxb4 Bxf4 36. hxg6 hxg6 37. Nd3 Nxd3 38. Rxd3 Rb8 39. Kg2 Rb5 40. Kf2 Kf8 41. Ke2 Ke7 42. Kd1 Bxg5 43. Bg2 Bf6 44. Ke2 Be5 45. Rh3 g5 46. Rd3 g4 47. Ke3 Kf6 48. Ke2 Kg5 49. Kf2 Kf4 50. Ke2 Rb4 0-1

[Event "GER CupT 1718 prel8"]
[Site "Groebenzell"]
[Date "2018.01.13"]
[Round "1.3"]
[White "Hosticka, Frantisek"]
[Black "Kastner, Peter"]
[Result "1/2-1/2"]
[WhiteElo "2124"]
[BlackElo "2145"]
[PlyCount "86"]
[EventDate "2018.01.13"]
[EventType "team-k.o."]
[EventRounds "2"]
[EventCountry "GER"]
[SourceTitle "EXT 2019"]
[Source "ChessBase"]
[SourceDate "2018.10.10"]
[SourceVersion "1"]
[SourceVersionDate "2018.10.10"]
[SourceQuality "1"]
[WhiteTeam "Weiler im Allgaeu"]
[BlackTeam "Liebschwitz"]
[WhiteTeamCountry "GER"]
[BlackTeamCountry "GER"]

1. e4 c5 2. Nf3 d6 3. Bb5+ Bd7 4. Bxd7+ Qxd7 5. 0-0 Nc6 6. c3 Nf6 7. Qe2 g6 8. d4 Bg7 9. h3 e5 10. dxc5 dxc5 11. Na3 Rd8 12. Nc4 Nh5 13. Be3 Qe7 14. a4 0-0 15. Rad1 Nf4 16. Bxf4 exf4 17. Rfe1 Rfe8 18. Rxd8 Rxd8 19. e5 Qd7 20. Qe4 Bh6 21. Nh2 Qd3 22. Ng4 Bg5 23. Nf6+ Kg7 24. Ne8+ Kf8 25. Ned6 Qxe4 26. Rxe4 Rd7 27. Kf1 Nd8 28. h4 Bxh4 29. Rxf4 Bg5 30. Re4 Ne6 31. g3 Bd8 32. f4 b6 33. Ke2 Ng7 34. Re3 Be7 35. Rd3 h5 36. Rd1 Ne6 37. Rh1 Bxd6 38. Nxd6 Nd8 39. Rd1 Nc6 40. Kf3 Ke7 41. Ke4 Ke6 42. Rf1 Ne7 43. Ra1 Nc6 1/2-1/2

[Event "Oberliga Ost-B 1314"]
[Site "Germany"]
[Date "2014.03.16"]
[Round "9.5"]
[White "Kastner, Peter"]
[Black "Koller, Jens"]
[Result "1/2-1/2"]
[WhiteElo "2170"]
[BlackElo "2253"]
[PlyCount "64"]
[EventDate "2013.10.13"]
[EventType "team-tourn"]
[EventRounds "11"]
[EventCountry "GER"]
[SourceTitle "EXT 2015"]
[Source "ChessBase"]
[SourceDate "2014.11.20"]
[SourceVersion "1"]
[SourceVersionDate "2014.11.20"]
[SourceQuality "1"]
[WhiteTeam "Liebschwitz"]
[BlackTeam "Oberursel"]
[WhiteTeamCountry "GER"]
[BlackTeamCountry "GER"]

1. e4 c5 2. Nf3 e6 3. d4 cxd4 4. Nxd4 Nf6 5. Nc3 Bb4 6. e5 Nd5 7. Qg4 0-0 8. Bh6 g6 9. Bxf8 Qxf8 10. Qg3 Qc5 11. Nde2 Nc6 12. 0-0-0 Nxc3 13. Nxc3 Bxc3 14. Qxc3 Qxc3 15. bxc3 Nxe5 16. Be2 Kf8 17. f4 Nc6 18. g4 Ke7 19. h4 b6 20. h5 Bb7 21. hxg6 hxg6 22. Rh7 g5 23. fxg5 Ne5 24. Rf1 Be4 25. Rh5 Rc8 26. Rf4 Bg6 27. Rh3 Rc5 28. Rb4 Ra5 29. Kb2 Rd5 30. Rd4 Rc5 31. Rb4 Rd5 32. Rd4 Rc5 1/2-1/2

[Event "Oberliga Ost-B 1314"]
[Site "Germany"]
[Date "2013.12.15"]
[Round "5.4"]
[White "Kastner, Peter"]
[Black "Wendel, Stephan"]
[Result "1/2-1/2"]
[WhiteElo "2170"]
[BlackElo "2238"]
[PlyCount "30"]
[EventDate "2013.10.13"]
[EventType "team-tourn"]
[EventRounds "11"]
[EventCountry "GER"]
[SourceTitle "EXT 2015"]
[Source "ChessBase"]
[SourceDate "2014.11.20"]
[SourceVersion "1"]
[SourceVersionDate "2014.11.20"]
[SourceQuality "1"]
[WhiteTeam "Liebschwitz"]
[BlackTeam "Frankfurt BvK"]
[WhiteTeamCountry "GER"]
[BlackTeamCountry "GER"]

1. e4 c5 2. Nf3 d6 3. Bb5+ Bd7 4. Bxd7+ Qxd7 5. 0-0 Nf6 6. d3 Nc6 7. Re1 e6 8. b3 Be7 9. Bb2 0-0 10. Nbd2 b5 11. e5 Ne8 12. exd6 Nxd6 13. Ne5 Nxe5 14. Bxe5 Nf5 15. a4 a6 1/2-1/2

[Event "Oberliga Ost-B 1314"]
[Site "Germany"]
[Date "2013.11.10"]
[Round "3.5"]
[White "Kastner, Peter"]
[Black "Klings, Peter"]
[Result "1/2-1/2"]
[WhiteElo "2170"]
[BlackElo "2167"]
[PlyCount "31"]
[EventDate "2013.10.13"]
[EventType "team-tourn"]
[EventRounds "11"]
[EventCountry "GER"]
[SourceTitle "EXT 2015"]
[Source "ChessBase"]
[SourceDate "2014.11.20"]
[SourceVersion "1"]
[SourceVersionDate "2014.11.20"]
[SourceQuality "1"]
[WhiteTeam "Liebschwitz"]
[BlackTeam "Moerlenbach"]
[WhiteTeamCountry "GER"]
[BlackTeamCountry "GER"]

1. e4 g6 2. d4 Bg7 3. Nc3 d6 4. Be3 a6 5. Qd2 b5 6. f3 Nd7 7. a4 b4 8. Nd1 c5 9. c3 bxc3 10. bxc3 Qa5 11. Ra2 Rb8 12. Bd3 Ngf6 13. Ne2 Nb6 14. Nb2 Be6 15. d5 Bd7 16. 0-0 1/2-1/2

[Event "Oberliga Ost-A 0607"]
[Site "Germany"]
[Date "2007.03.18"]
[Round "8.5"]
[White "Jaeger, Dominik"]
[Black "Kastner, Peter"]
[Result "1/2-1/2"]
[WhiteElo "2015"]
[BlackElo "2168"]
[PlyCount "51"]
[EventDate "2006.10.15"]
[EventType "team-tourn"]
[EventRounds "11"]
[EventCountry "GER"]
[SourceTitle "EXT 2008"]
[Source "ChessBase"]
[SourceDate "2007.11.25"]
[SourceVersion "1"]
[SourceVersionDate "2007.11.25"]
[SourceQuality "1"]
[WhiteTeam "Magdeburg Rochade"]
[BlackTeam "Liebschwitz"]
[WhiteTeamCountry "GER"]
[BlackTeamCountry "GER"]

1. d4 d5 2. c4 e6 3. Nc3 Nf6 4. Bg5 Be7 5. cxd5 exd5 6. Qc2 Nbd7 7. e3 Nf8 8. Nf3 c6 9. Bd3 Nh5 10. Bxe7 Qxe7 11. 0-0-0 Be6 12. Rhg1 0-0-0 13. g4 Nf6 14. Ne5 N6d7 15. Nxd7 Nxd7 16. f4 f6 17. e4 Kb8 18. e5 fxe5 19. dxe5 Bg8 20. Bf5 g5 21. e6 Nb6 22. Qe2 Qg7 23. fxg5 Qxg5+ 24. Kb1 Qf6 25. Rgf1 Re8 26. g5 1/2-1/2

[Event "Oberliga Ost-A 0607"]
[Site "Germany"]
[Date "2007.02.25"]
[Round "7.5"]
[White "Piotraschke, Jens"]
[Black "Kastner, Peter"]
[Result "1/2-1/2"]
[WhiteElo "2223"]
[BlackElo "2168"]
[PlyCount "31"]
[EventDate "2006.10.15"]
[EventType "team-tourn"]
[EventRounds "11"]
[EventCountry "GER"]
[SourceTitle "EXT 2008"]
[Source "ChessBase"]
[SourceDate "2007.11.25"]
[SourceVersion "1"]
[SourceVersionDate "2007.11.25"]
[SourceQuality "1"]
[WhiteTeam "Coswig"]
[BlackTeam "Liebschwitz"]
[WhiteTeamCountry "GER"]
[BlackTeamCountry "GER"]

1. d4 d5 2. Nf3 Nf6 3. g3 e6 4. Bg2 Be7 5. 0-0 b5 6. c3 0-0 7. a4 b4 8. cxb4 Bxb4 9. Ne5 Nfd7 10. Nd3 Be7 11. Nc3 Na6 12. e4 c6 13. Bf4 Qb6 14. exd5 cxd5 15. Nb5 Bb7 16. Be3 1/2-1/2

[Event "Oberliga Ost-A 0607"]
[Site "Germany"]
[Date "2006.12.10"]
[Round "4.5"]
[White "Kastner, Peter"]
[Black "Fritsch, Andreas"]
[Result "1-0"]
[WhiteElo "2168"]
[BlackElo "2171"]
[PlyCount "139"]
[EventDate "2006.10.15"]
[EventType "team-tourn"]
[EventRounds "11"]
[EventCountry "GER"]
[SourceTitle "EXT 2008"]
[Source "ChessBase"]
[SourceDate "2007.11.25"]
[SourceVersion "1"]
[SourceVersionDate "2007.11.25"]
[SourceQuality "1"]
[WhiteTeam "Liebschwitz"]
[BlackTeam "Naumburg"]
[WhiteTeamCountry "GER"]
[BlackTeamCountry "GER"]

1. e4 c5 2. Nf3 d6 3. c3 Nf6 4. h3 Nc6 5. Bd3 g6 6. 0-0 Bg7 7. Bc2 0-0 8. d4 cxd4 9. cxd4 d5 10. e5 Nd7 11. Nc3 Nb6 12. Re1 Bd7 13. Bf4 a6 14. Bb3 Bf5 15. Nh4 Bc8 16. a4 Na5 17. Ba2 Nc6 18. Rc1 h6 19. Nf3 Bf5 20. g4 Be6 21. b3 Qd7 22. Nh2 Rac8 23. Bb1 Na8 24. Qd2 Kh7 25. Bg3 f6 26. f4 f5 27. Qd3 Nb4 28. Qe2 Qd8 29. Na2 Qb6 30. Qd2 Nc6 31. Qd3 Qxd4+ 32. Re3 Qxd3 33. Rxd3 Na5 34. Be1 Nc6 35. Bd2 a5 36. Kg2 d4 37. Kg3 Nb6 38. Nf3 Rcd8 39. Rc5 Rd7 40. Rb5 Nc8 41. Bxa5 N8a7 42. Rc5 Nxa5 43. Rxa5 Nc6 44. Rb5 Rfd8 45. Nb4 Kg8 46. Rb6 Kf7 47. Nxc6 bxc6 48. Rxc6 Rb7 49. Rxd4 Ra8 50. gxf5 gxf5 51. Nd2 Bxb3 52. Bxf5 e6 53. Be4 Rxa4 54. Rxa4 Bxa4 55. Rxe6 Rd7 56. Ra6 Rd4 57. Bg6+ Kg8 58. Nf3 Rb4 59. Ra8+ Bf8 60. Ra7 Bb3 61. Nh4 Be6 62. Bf5 Rb3+ 63. Kg4 Bf7 64. e6 h5+ 65. Kg5 Rg3+ 66. Kf6 Be8 67. Bh7+ Kh8 68. Ng6+ Bxg6 69. Bxg6 h4 70. Ra8 1-0

[Event "Oberliga Ost-A 0607"]
[Site "Germany"]
[Date "2006.11.18"]
[Round "2.5"]
[White "Kastner, Peter"]
[Black "Limpert, Michael"]
[Result "1/2-1/2"]
[WhiteElo "2168"]
[BlackElo "2166"]
[PlyCount "40"]
[EventDate "2006.10.15"]
[EventType "team-tourn"]
[EventRounds "11"]
[EventCountry "GER"]
[SourceTitle "EXT 2008"]
[Source "ChessBase"]
[SourceDate "2007.11.25"]
[SourceVersion "1"]
[SourceVersionDate "2007.11.25"]
[SourceQuality "1"]
[WhiteTeam "Liebschwitz"]
[BlackTeam "Leipzig Mitte II"]
[WhiteTeamCountry "GER"]
[BlackTeamCountry "GER"]

1. e4 c6 2. d4 d5 3. Nc3 dxe4 4. Nxe4 Bf5 5. Ng3 Bg6 6. Nf3 Nd7 7. h4 h6 8. h5 Bh7 9. Bd3 Bxd3 10. Qxd3 Qc7 11. Bd2 Ngf6 12. 0-0-0 e6 13. Qe2 Bd6 14. Nf5 Bf4 15. Ne3 0-0-0 16. Nc4 c5 17. Nfe5 Bxd2+ 18. Rxd2 Rhf8 19. Rhd1 cxd4 20. Rxd4 Nxe5 1/2-1/2

[Event "Oberliga Ost-A 0405"]
[Site "Germany"]
[Date "2004.10.10"]
[Round "1.2"]
[White "Kastner, Peter"]
[Black "Andre, Gordon"]
[Result "0-1"]
[WhiteElo "2195"]
[BlackElo "2304"]
[PlyCount "64"]
[EventDate "2004.10.10"]
[EventType "team-tourn"]
[EventRounds "11"]
[EventCountry "GER"]
[SourceTitle "EXT 2006"]
[Source "ChessBase"]
[SourceDate "2005.11.24"]
[SourceVersion "1"]
[SourceVersionDate "2005.11.24"]
[SourceQuality "1"]
[WhiteTeam "Liebschwitz"]
[BlackTeam "Magdeburg Aufbau Elbe"]
[WhiteTeamCountry "GER"]
[BlackTeamCountry "GER"]

1. e4 c6 2. d4 d5 3. Nc3 dxe4 4. Nxe4 Bf5 5. Ng3 Bg6 6. h4 h6 7. Nf3 e6 8. h5 Bh7 9. Bd3 Bxd3 10. Qxd3 Bd6 11. Ne4 Nf6 12. Nxd6+ Qxd6 13. Bd2 Nbd7 14. 0-0-0 0-0-0 15. g3 Rhe8 16. Bf4 Qd5 17. c4 Qa5 18. Kb1 c5 19. Bd2 Qc7 20. Qe2 Qc6 21. Ne5 Qe4+ 22. Qxe4 Nxe4 23. Be3 cxd4 24. Rxd4 Nxf2 25. Bxf2 Nxe5 26. Rxd8+ Rxd8 27. Bxa7 Rd3 28. Bf2 Ng4 29. Be1 Rd1+ 30. Kc2 Ne3+ 31. Kb3 Ng2 32. Rf1 f5 0-1

[Event "Oberliga Ost-A 0304"]
[Site "Germany"]
[Date "2004.03.07"]
[Round "8.3"]
[White "Stettler, Michael"]
[Black "Kastner, Peter"]
[Result "1/2-1/2"]
[WhiteElo "2277"]
[BlackElo "2178"]
[PlyCount "44"]
[EventDate "2003.11.02"]
[EventType "team-tourn"]
[EventRounds "11"]
[EventCountry "GER"]
[SourceTitle "EXT 2005"]
[Source "ChessBase"]
[SourceDate "2004.11.15"]
[SourceVersion "1"]
[SourceVersionDate "2004.11.15"]
[SourceQuality "1"]
[WhiteTeam "Leipzig Lok"]
[BlackTeam "Liebschwitz"]
[WhiteTeamCountry "GER"]
[BlackTeamCountry "GER"]

1. d4 d5 2. c4 e6 3. Nc3 Be7 4. cxd5 exd5 5. Bf4 c6 6. Qc2 Bg4 7. e3 Bh5 8. Bd3 Bg6 9. Bxg6 hxg6 10. Nf3 Nf6 11. h3 Nbd7 12. a3 a5 13. 0-0 0-0 14. Bg5 Re8 15. Rab1 Rc8 16. b4 axb4 17. axb4 b5 18. Bxf6 Nxf6 19. Ne2 Bd6 20. Nc1 Ne4 21. Nd3 Re6 22. Nc5 Nxc5 1/2-1/2

[Event "Oberliga Ost-A 0304"]
[Site "Germany"]
[Date "2004.02.14"]
[Round "6.4"]
[White "Kastner, Peter"]
[Black "Liebert, Heinz"]
[Result "1/2-1/2"]
[WhiteElo "2178"]
[BlackElo "2297"]
[PlyCount "27"]
[EventDate "2003.11.02"]
[EventType "team-tourn"]
[EventRounds "11"]
[EventCountry "GER"]
[SourceTitle "EXT 2005"]
[Source "ChessBase"]
[SourceDate "2004.11.15"]
[SourceVersion "1"]
[SourceVersionDate "2004.11.15"]
[SourceQuality "1"]
[WhiteTeam "Liebschwitz"]
[BlackTeam "Halle USV"]
[WhiteTeamCountry "GER"]
[BlackTeamCountry "GER"]

1. d4 Nf6 2. Nf3 e6 3. e3 b6 4. Bd3 Bb7 5. 0-0 c5 6. b3 Be7 7. Bb2 0-0 8. Nbd2 cxd4 9. exd4 d6 10. c4 Nbd7 11. Qe2 Re8 12. Rfe1 Bf8 13. Rad1 Qc7 14. Ng5 1/2-1/2